| 000 | 00821nam a2200241 a 4500 | ||
|---|---|---|---|
| 003 | CBULib | ||
| 005 | 20240808100015.0 | ||
| 008 | 100125s2006 ||||||||||||||||| || u | ||
| 020 | _a9211126983 | ||
| 040 |
_aCBULib _bEnglish _cCBULib _erda |
||
| 041 | _aeng | ||
| 050 | _aUNCTAD(058)TDR/2006 | ||
| 110 | _aUnited Nations Conference on Trade and Development (UNCTAD) | ||
| 245 | 1 | 0 |
_aTrade and development report, 2006 _c/ by United Nations Conference on Trade and Development (UNCTAD) |
| 260 |
_aNew York : _bUnited Nations, _c2006. |
||
| 300 | _axxi, 237 pages : illustrations | ||
| 336 |
_2rdacontent _aText | _btxt |
||
| 337 |
_2rdamedia _aUnmediated | _bn |
||
| 338 |
_2rdacarrier _aVolume _bnc |
||
| 650 | _aTRADE AND DEVELOPMENT | ||
| 650 | _aINTERNATIONAL ECONOMIC RELATIONS--PERIODICALS | ||
| 942 |
_2mc _c029 |
||
| 999 |
_c81373 _d81373 |
||